00777nam a22002177a 4500003000500000005001700005008004100022010001000063011001000073035001000083040000900093082001500102100001800117245013000135260007500265300002600340490007500366650002000441650002300461830007500484CHAP20220817042237.0971013s1967 r 00010 d a38487 a39459 a43580 cCHAP a634.61bO500aOllagnier, M. aNotas sobre las posibilidades de cooperación del IRHO para el desarrollo de la palmera de aceite y del cocotero en México a(s.l.) :bInstitut de Recherchers pour les Huiles et Oleagineux,c1967 a56 h. anexosb; mapas aInstitut de Recherches pour les Huiles et Oleagineux. Documentsv; 57514aCocoxMéxico.14aElaeis guineensis.0 aInstitut de Recherches pour les Huiles et Oleagineux. Documentsv; 575